Los gremios olvidados (Record no. 123373)

MARC details
000 -LEADER
campo de control de longitud fija 00533nam a2200169 4500
001 - NÚMERO DE CONTROL
campo de control 123373
003 - IDENTIFICADOR DE NÚMERO DE CONTROL
campo de control ES-MaACL
005 - FECHA Y HORA DE LA ÚLTIMA TRANSACCIÓN
campo de control 20230906192148.0
007 - CAMPO FIJO DE DESCRIPCIÓN FÍSICA--INFORMACIÓN GENERAL
campo de control de longitud fija t|
008 - DATOS DE LONGITUD FIJA--INFORMACIÓN GENERAL
campo de control de longitud fija 070214s1952 sp r ||||1| spa d
100 1# - ENTRADA PRINCIPAL--NOMBRE DE PERSONA
Nombre de persona Radaelli, Sigfrido A.
9 (RLIN) 94906
245 14 - MENCIÓN DEL TÍTULO
Título Los gremios olvidados
Resto del título : problemas del trabajo intelectual /
Mención de responsabilidad, etc. Sigfrido A. Radaelli.
260 ## - PUBLICACIÓN, DISTRIBUCIÓN, ETC.
Lugar de publicación, distribución, etc. Madrid :
Nombre del editor, distribuidor, etc. Correo Literario,
Fecha de publicación, distribución, etc. 1952.
300 ## - DESCRIPCIÓN FÍSICA
Extensión 14 p. ;
Dimensiones 24 cm.
500 ## - NOTA GENERAL
Nota general Es separata de: El Correo Literario, nº 41.
852 ## - LOCALIZACIÓN
Ubicación ES-MaACL
Número de control de estantería 1932-F-3
Sublocalización o colección R.31864
Holdings
Estatus retirado Estado de pérdida Estado de daño No para préstamo Colección Biblioteca de origen Biblioteca actual Ubicación en estantería Fecha de adquisición Fuente de adquisición Total de préstamos Signatura topográfica completa Código de barras Visto por última vez Precio de reemplazo Tipo de ítem Koha
        Colección de folletos Biblioteca del Ateneo de Madrid Biblioteca del Ateneo de Madrid Depósito folletos 17/01/2008     1932-F-3 1128546 23/02/2023 23/02/2023 Folleto